Code Cracker! VIII Quiz Stats

 Plays Quiz Updated Sep 8, 2017

Also try: Code Cracker! VII
Challenge
Share
Tweet
Score 0/186 Timer 04:00
0 Plays Today
% Correct
✔​
100%
B​
100%
B​
100%
✔​
100%
Q​
100%
✔​
94.9%
U​
94.8%
U​
94.8%
U​
94.8%
U​
94.8%
U​
94.8%
U​
94.8%
✔​
94.6%
A​
94.6%
A​
94.6%
A​
94.6%
A​
94.6%
A​
94.6%
A​
94.6%
A​
94.6%
A​
94.6%
A​
94.6%
A​
94.6%
A​
94.6%
A​
94.6%
A​
94.6%
A​
94.6%
A​
94.6%
A​
94.6%
A​
94.6%
A​
94.6%
A​
94.6%
A​
94.6%
A​
94.6%
A​
94.6%
✔​
94.2%
E​
94.2%
E​
94.2%
E​
94.2%
E​
94.2%
E​
94.2%
E​
94.2%
E​
94.2%
E​
94.2%
E​
94.2%
E​
94.2%
E​
94.2%
E​
94.2%
E​
94.2%
✔​
93.8%
R​
93.8%
R​
93.8%
R​
93.8%
R​
93.8%
R​
93.8%
R​
93.8%
R​
93.8%
R​
93.8%
✔​
93.5%
L​
93.5%
L​
93.5%
L​
93.5%
% Correct
L​
93.5%
L​
93.5%
✔​
91.7%
I​
91.7%
I​
91.7%
I​
91.7%
I​
91.7%
I​
91.7%
I​
91.7%
I​
91.7%
I​
91.7%
I​
91.7%
I​
91.7%
I​
91.7%
I​
91.7%
I​
91.7%
I​
91.7%
I​
91.7%
I​
91.7%
✔​
89.9%
N​
89.9%
N​
89.9%
N​
89.9%
N​
89.9%
N​
89.9%
N​
89.9%
N​
89.9%
N​
89.9%
N​
89.9%
N​
89.9%
N​
89.9%
N​
89.9%
N​
89.9%
N​
89.9%
N​
89.9%
N​
89.9%
N​
89.9%
N​
89.9%
✔​
89.3%
T​
89.3%
T​
89.3%
T​
89.3%
T​
89.3%
T​
89.3%
T​
89.3%
T​
89.3%
T​
89.3%
T​
89.3%
T​
89.3%
T​
89.3%
T​
89.3%
✔​
88.7%
O​
88.7%
O​
88.7%
O​
88.7%
O​
88.7%
O​
88.7%
O​
88.7%
O​
88.7%
O​
88.7%
O​
88.7%
O​
88.7%
% Correct
87.9%
D​
87.9%
D​
87.9%
D​
87.9%
D​
87.9%
✔​
86.8%
H​
86.8%
H​
86.8%
H​
86.8%
H​
86.8%
✔​
86.5%
G​
86.5%
G​
86.5%
G​
86.5%
G​
86.5%
G​
86.5%
G​
86.5%
G​
86.5%
G​
86.5%
85.7%
S​
85.7%
S​
85.7%
S​
85.7%
S​
85.7%
S​
85.7%
S​
85.7%
S​
85.7%
S​
85.7%
✔​
83.4%
Y​
83.4%
Y​
83.4%
✔​
82.1%
C​
82.1%
C​
82.1%
C​
82.1%
C​
82.1%
C​
82.1%
✔​
81.9%
M​
81.9%
M​
81.9%
M​
81.9%
M​
81.9%
M​
81.9%
✔​
81.8%
X​
81.8%
X​
81.8%
✔​
78.2%
F​
78.2%
F​
78.2%
✔​
78%
Z​
78%
✔​
76.8%
P​
76.8%
P​
76.8%
✔​
75.4%
W​
75.4%
✔​
75.3%
K​
75.3%
✔​
72.6%
J​
72.6%
✔​
69.6%
V​
69.6%

You're not logged in!

Compare scores with friends on all Sporcle quizzes.
OR
Log In

You Might Also Like...

Show Comments

Extras

Top Quizzes Today


Score Distribution

Your Account Isn't Verified!

In order to create a playlist on Sporcle, you need to verify the email address you used during registration. Go to your Sporcle Settings to finish the process.

Report this User

Report this user for behavior that violates our Community Guidelines.

Details: